Normal view
MARC view
- التعليم والتدريب - طرق تدريس
Entry Topical Term
001 - CONTROL NUMBER
- control field: 22201
003 - CONTROL NUMBER IDENTIFIER
- control field: JO-AjAnu
005 - DATE AND TIME OF LATEST TRANSACTION
- control field: 20230606073833.0
008 - FIXED-LENGTH DATA ELEMENTS
- fixed length control field: 230606|| aca||aabn | a|a d
040 ## - CATALOGING SOURCE
- Original cataloging agency: JO-AjAnu
- Transcribing agency: JO-AjAnu
150 ## - HEADING--TOPICAL TERM
- Topical term or geographic name entry element: التعليم والتدريب - طرق تدريس
670 ## - SOURCE DATA FOUND
- Source citation: Work cat.: (JO-AjAnu)11409: حسنين، حسين محمد, author 22200, طرائق إبداعية في التعليم والتدريب: دليل لكل معلم ومعلمة = Creative Tecniques In Teaching and Training